| 000 | 00351nam a2200145Ia 4500 | ||
|---|---|---|---|
| 008 | 150201s2008 xx 000 0 und d | ||
| 082 |
_a617.6342 _bE2008I |
||
| 100 | _aINGLE | ||
| 245 | _aENDODONTICS | ||
| 250 | _a6TH | ||
| 260 |
_bB.C.DECKER _aTORONTO _c2008 |
||
| 300 | _a1-1554 | ||
| 650 | _aCONSERVATIVE DENTISTRY & ENDODONTICS | ||
| 942 |
_2ddc _cBK |
||
| 999 |
_c4235 _d4235 |
||